000 00919nam a2200205 a 4500
008 100917s2009 ||||||||||||||||| || u
020 _a9780470278727
050 _aHD 69.P75 KER
100 _aKerzner, Harold
245 1 0 _aProject management workbook : and PMP/CAPM exam... (10th ed.)
_cHarold Kerzner & Frank P. Saladis
250 _a10th ed.
260 _aHoboken, N.J.:
_bJohn Wiley and Sons
_c2009
300 _avii, 460p.
350 _a0.00
650 _aPROJECT MANAGEMENT--HANDBOOKS, MANUALS, ETC
650 0 _aMANAGEMENT
700 _aSaladis, Frank P
995 _aMAIN LIBRARY OPEN ACCESS
_D0.00
_e741721
_FCBU-MAIN LIBRARY (Kitwe)
_H1
_I0.00
_jHD 69.P75 KER
_M2
_UAVAILABLE
_WOct 7, 2010
_y741721
_ZMain Library Open Access Collection
995 _aMAIN LIBRARY OPEN ACCESS
_D0.00
_e741428
_FCBU-MAIN LIBRARY (Kitwe)
_H1
_I0.00
_jHD 69.P75 KER
_M1
_UAVAILABLE
_WSep 17, 2010
_y741428
_ZMain Library Open Access Collection
999 _c77089
_d77089